| 000 | 00743nam a22002172 4500 | ||
|---|---|---|---|
| 001 | 0000009147 | ||
| 005 | 20151217155839.0 | ||
| 008 | 080907s xx 000 0 eng d | ||
| 020 |
_a99664502621 : _cKES |
||
| 040 |
_aKABU _cKABU |
||
| 245 | 1 | 0 |
_aMedia and environment in Africa : _bchallenges for the future / _cedited by S. T. Kwame Boafo. |
| 250 | _a ed. | ||
| 260 |
_aNairobi : _bAfrican Council for Communication Education, _c1993. |
||
| 300 |
_avi, 111 p ; _c cm. |
||
| 650 | 0 |
_aEnvironmental education _zAfrica. _@0000160254 |
|
| 650 | 0 |
_aMass media and the environment _zAfrica. _@0000160255 |
|
| 700 | 1 |
_aBoafo, S. T. Kwame. _@0000160256 |
|
| 908 | _a080907 | ||
| 950 | _@1 | ||
| 999 |
_c13156 _d13156 |
||